Sports Quiz

Random Sports or Olympics Quiz

Summer Olympics: Nations by Sport Quiz Stats

 Plays Quiz Updated Sep 26, 2018

Score 0/170 Timer 05:00
0 Plays Today
% Correct
United States
99.4%
United States
99.4%
United States
99.4%
United States
99.4%
United States
99.4%
United States
99.4%
United States
99.4%
United States
99.4%
United States
99.4%
United States
99.4%
United States
99.4%
United States
99.4%
United States
99.4%
United States
99.1%
United States
97.7%
United States
97.7%
United States
97.7%
United States
97.7%
United States
97.7%
United States
97.7%
United States
97.7%
United States
97.7%
China
97.2%
China
97.2%
China
97.2%
China
97.2%
Great Britain
94.5%
Great Britain
94.5%
Great Britain
94.5%
Great Britain
94.5%
Great Britain
94.5%
Great Britain
94.5%
Great Britain
94.5%
Great Britain
94.5%
Great Britain
94.5%
Japan
94.2%
Italy & G. Britain
94.1%
Japan
93.8%
Japan
93.8%
Japan
93.8%
Russia
93.8%
Canada & Germany
93.6%
France
93.6%
France
93.6%
France
93.6%
France
93.6%
France
93.6%
France
93.6%
France
93.6%
Germany
93.3%
Germany
93.3%
Germany
93.3%
Germany
93.3%
China
93.3%
China
93.3%
China
93.3%
China
93.3%
% Correct
China
93.3%
China
93.3%
China
93.3%
United States
92.1%
Great Britain
91.7%
Great Britain
91.7%
Russia
90.3%
Russia
90.3%
Russia
90.3%
Japan
89.9%
Japan
89.9%
Japan
89.9%
Japan
89.9%
Germany
89.4%
Germany
89.4%
Germany
89.4%
Germany
89.4%
Germany
89.4%
France
89.2%
Australia
88.5%
Australia
88.5%
Australia
88.5%
Australia
88.5%
Italy
87.5%
Italy
87.5%
Italy
87.5%
Italy
87.5%
Brazil
86.9%
Brazil
86.9%
Brazil
86.9%
Canada
84.3%
Canada
84.2%
Australia
84.2%
Australia
84.2%
Spain
83.8%
Spain
83.8%
Brazil
83.6%
South Korea
83%
South Korea
79.8%
South Korea
79.8%
South Korea
79.8%
South Korea
79.8%
Sweden
77.1%
Sweden
77.1%
South Korea
75.8%
Mexico
74.7%
Sweden
74.6%
Sweden
74.6%
Sweden
74.6%
Sweden
74.6%
Sweden
74.6%
Norway
72.6%
India
71.8%
Norway
69%
Russia
68.3%
U.S.S.R.
66.2%
U.S.S.R.
66.2%
% Correct
U.S.S.R.
66.2%
U.S.S.R.
66.2%
U.S.S.R.
66.2%
Finland
65.3%
U.S.S.R.
65.1%
U.S.S.R.
65.1%
U.S.S.R.
65.1%
U.S.S.R.
65.1%
U.S.S.R.
65.1%
U.S.S.R.
65.1%
U.S.S.R.
65.1%
U.S.S.R.
65.1%
U.S.S.R.
65.1%
U.S.S.R.
65.1%
U.S.S.R.
65.1%
Soviet Union
65.1%
U.S.S.R.
65.1%
Poland
64.3%
New Zealand
63.6%
The Netherlands
63.5%
Finland
62.2%
Finland
62.2%
Denmark
60.1%
Denmark
60.1%
Hungary
58.4%
Hungary
58.4%
Romania
56.6%
Romania
56.6%
Romania
56.6%
Switzerland
55.5%
Ukraine
55.2%
Ukraine
55.2%
Hungary
54.8%
Hungary
54.8%
Hungary
54.8%
Hungary
54.8%
Hungary
54.8%
Turkey
53.5%
Germany
50.4%
North Korea
49.9%
Cuba
47.8%
Cuba
47.8%
Belgium
46.8%
East Germany
46.7%
East Germany
46.7%
East Germany
46.7%
Bulgaria
45.2%
Yugoslavia
44.7%
Indonesia
43.4%
Bulgaria
40.2%
Bulgaria
40.2%
Yugoslavia
38.9%
Yugoslavia
38.9%
Belarus
35%
Malaysia
34%
Chinese Taipei
31.9%

You're not logged in!

Compare scores with friends on all Sporcle quizzes.
OR
Log In

Sporcle TV

Today on Sporcle TV


Watch our educational content, quiz creation guides, and fun videos on Sporcle TV.

Show Comments

Extras

Top Quizzes Today


Score Distribution

Your Account Isn't Verified!

In order to create a playlist on Sporcle, you need to verify the email address you used during registration. Go to your Sporcle Settings to finish the process.

Report this User

Report this user for behavior that violates our Community Guidelines.

Details: